Recuerdos del desarrollo de mis ideas y caracter

Saved in:
書目詳細資料
主要作者: Darwin Charles (Author)
格式: 圖書
語言:西班牙语
出版: Barcelona Nuevo Arte Thor 1983
版:1a. ed
叢編:El Laberinto, 2
主題:
標簽: 添加標簽
沒有標簽, 成為第一個標記此記錄!

MARC

LEADER 00000cam a2200000 a 4500
001 UCE6360
003 CL-VaPUC
008 150409e19830000sp |||||||||||||||||spa|d
020 |a 8473270789 
082 0 4 |a 925.74  |b DAR  |2 21 
100 |a Darwin Charles  |e author  |9 398 
245 1 0 |a Recuerdos del desarrollo de mis ideas y caracter 
250 |a 1a. ed 
300 |a 154 p 
942 |c BK 
945 |d 20150409 10:07:00  |a dcastane 
260 |a Barcelona  |b Nuevo Arte Thor  |c 1983 
650 0 |a Biografías  |9 255210 
650 0 |a Científicos   |9 262025 
650 7 |a EVOLUCION DE LAS ESPECIES  |2 CL-VaPUC  |9 550613 
583 |a last modification  |c 20180402 12:18:35  |k Rodrigo Vera 
490 0 |a El Laberinto, 2 
999 |c 358692  |d 358690 
952 |0 0  |1 0  |3 erb  |4 0  |6 925_740000000000000_DAR_1983  |7 0  |8 A  |9 467557  |a BIBEDU  |b BIBEDU  |i 515829K  |o 925.74 DAR 1983  |p 515829K  |r 2019-11-23  |w 2019-11-23  |y BK  |z Catalogado en:20150409  |k FIL